The mayor's housing covenant (Record no. 114803)

MARC details
000 -LEADER
fixed length control field 00848cad a22001935a 4500
001 - CONTROL NUMBER
control field L157499
008 - FIXED-LENGTH DATA ELEMENTS--GENERAL INFORMATION
fixed length control field 121220s2012 xxk f 000 0 eng d
035 ## - SYSTEM CONTROL NUMBER
System control number (Sirsi) u157499
041 0# - LANGUAGE CODE
Language code of text/sound track or separate title eng
110 2# - MAIN ENTRY--CORPORATE NAME
Corporate name or jurisdiction name as entry element London
Subordinate unit Greater London Authority
-- Mayor of London
9 (RLIN) 4869
245 44 - TITLE STATEMENT
Title The mayor's housing covenant
Remainder of title Making the private rented sector work for Londoners $[ electronic resource]
260 ## - PUBLICATION, DISTRIBUTION, ETC.
Place of publication, distribution, etc. London
Name of publisher, distributor, etc. Greater London Authority
Date of publication, distribution, etc. 2012
520 ## - SUMMARY, ETC.
Summary, etc. Outlines plans for a private rented sector (PRS) standard for London. Consultation closes on 13 February 2013.
590 ## - LOCAL NOTE (RLIN)
Local note KA NTK
651 #4 - SUBJECT ADDED ENTRY--GEOGRAPHIC NAME
Geographic name London
690 ## - LOCAL SUBJECT ADDED ENTRY--TOPICAL TERM (OCLC, RLIN)
Topical term or geographic name as entry element Residential property
9 (RLIN) 6266
856 40 - ELECTRONIC LOCATION AND ACCESS
Uniform Resource Identifier <a href="https://www.london.gov.uk/sites/default/files/Housing-Covenan-Making-the-PRS-work-for-Londoners.pdf">https://www.london.gov.uk/sites/default/files/Housing-Covenan-Making-the-PRS-work-for-Londoners.pdf</a>
Public note View the item free of charge from the www.london.gov.uk website.
942 ## - ADDED ENTRY ELEMENTS (KOHA)
Suppress in OPAC 0
Holdings
Withdrawn status Lost status Source of classification or shelving scheme Damaged status Not for loan Home library Current library Shelving location Date acquired Total Checkouts Full call number Barcode Date last seen Copy number Price effective from Koha item type
    Dewey Decimal Classification     Virtual Virtual Online 20/12/2012   ONLINE PUBLICATION 157499-2001 06/08/2019 1 06/08/2019 Book